000 00346cam a2200145ua 4500
001 5442
008 120903n ii |||gr||||Z||||||eng
040 _cMAIN
100 1 _aMilton, John,
_eAuthor,
245 1 0 _aSamson agonistes
_cby John Milton
250 _a1st.
260 _aAgra:
_bLakshmi Narain agarwal.
300 _a307p:
_c12cm.
942 _cBK
999 _c4622
_d4622